MARC

LEADER 00000nam2a2200000 4500
001 270993
005 20260310173724.0
035 |a (RuTPU)RU\TPU\book\294174 
035 |a RU\TPU\book\294169 
090 |a 270993 
100 |a 20141003d1956 km y0rusy50 ca 
101 0 |a rus 
102 |a RU 
105 |a y c 000zy 
200 0 |a Справочный том к 4 изданию Сочинений В. И. Ленина. Ч. 2 
210 |d 1956 
215 |a 351 с. 
316 |5 63413507: М-133268  |a На титульном листе владельческая подпись: "Бутаков" 
317 |5 63413507: М-133268  |a Поступила в НТБ в 1970 г. в составе книжного собрания профессора ТПИ И. Н. Бутакова 
461 1 |0 231347  |t Сочинения  |o [в 45 т.]  |f В. И. Ленин  |g Институт Маркса - Энгельса - Ленина - Сталина при ЦК КПСС  |e 4-е изд.  |c Москва  |n Госполитиздат  |d 1941-1967  |v Справочный том к 4 изданию Сочинений В. И. Ленина. Ч. 2  |9 231347 
606 |a Ленин В. И.  |j Собрания сочинений  |2 stltpush  |3 (RuTPU)RU\TPU\subj\76035  |9 87496 
610 1 |a библиотека И. Н. Бутакова 
610 1 |a владельческая надпись 
610 1 |a общественно-политическая мысль 
610 1 |a общественно-политические тексты 
686 |2 rubbk  |a Т3(2)6-8Ленин150 
700 1 |a Ленин  |b В. И.  |c настоящая фамилия Ульянов  |c российский политический деятель  |f 1870-1924  |g Владимир Ильич  |9 486 
712 0 2 |a Институт Маркса - Энгельса - Ленина - Сталина при ЦК КПСС  |c Москва  |c 1954-1956  |9 89203 
801 1 |a RU  |b 63413507  |c 20140930 
801 2 |a RU  |b 63413507  |c 20190913  |g RCR 
942 |c BK